Beginning essentials in early childhood education / (Record no. 20494)
[ view plain ]
| 000 -LEADER | |
|---|---|
| fixed length control field | 01201cam a2200337 i 4500 |
| 001 - CONTROL NUMBER | |
| control field | 18140692 |
| 003 - CONTROL NUMBER IDENTIFIER | |
| control field | OSt |
| 005 - DATE AND TIME OF LATEST TRANSACTION | |
| control field | 20240718131650.0 |
| 008 - FIXED-LENGTH DATA ELEMENTS--GENERAL INFORMATION | |
| fixed length control field | 140506s2016 maua 001 0 eng d |
| 010 ## - LIBRARY OF CONGRESS CONTROL NUMBER | |
| LC control number | 2014940084 |
| 020 ## - INTERNATIONAL STANDARD BOOK NUMBER | |
| International Standard Book Number | 9781305089037 |
| 035 ## - SYSTEM CONTROL NUMBER | |
| System control number | (OCoLC)ocn904972852 |
| 040 ## - CATALOGING SOURCE | |
| Original cataloging agency | SINAP |
| Transcribing agency | SINAP |
| Modifying agency | OCLCO |
| -- | YDXCP |
| -- | OCLCF |
| -- | OCLCO |
| -- | DLC |
| 042 ## - AUTHENTICATION CODE | |
| Authentication code | lccopycat |
| 050 00 - LIBRARY OF CONGRESS CALL NUMBER | |
| Classification number | LB1139.23 |
| Item number | .G67 2016 |
| 100 1# - MAIN ENTRY--PERSONAL NAME | |
| Personal name | Gordon, Ann Miles. |
| 245 10 - TITLE STATEMENT | |
| Title | Beginning essentials in early childhood education / |
| Statement of responsibility, etc. | Ann Miles Gordon, Kathryn Williams Browne. |
| 250 ## - EDITION STATEMENT | |
| Edition statement | 3rd ed. |
| 260 ## - PUBLICATION, DISTRIBUTION, ETC. (IMPRINT) | |
| Place of publication, distribution, etc. | Boston, MA : |
| Name of publisher, distributor, etc. | Cengage Learning, |
| Date of publication, distribution, etc. | 2016. |
| 300 ## - PHYSICAL DESCRIPTION | |
| Extent | xii, 243 p. |
| 650 #0 - SUBJECT ADDED ENTRY--TOPICAL TERM | |
| Topical term or geographic name as entry element | Early childhood education. |
| 650 #0 - SUBJECT ADDED ENTRY--TOPICAL TERM | |
| Topical term or geographic name as entry element | Early childhood education |
| General subdivision | Curricula. |
| 650 #0 - SUBJECT ADDED ENTRY--TOPICAL TERM | |
| Topical term or geographic name as entry element | Child development. |
| 650 #7 - SUBJECT ADDED ENTRY--TOPICAL TERM | |
| Topical term or geographic name as entry element | Child development. |
| Source of heading or term | fast |
| Authority record control number | (OCoLC)fst00854393 |
| 650 #7 - SUBJECT ADDED ENTRY--TOPICAL TERM | |
| Topical term or geographic name as entry element | Early childhood education. |
| Source of heading or term | fast |
| Authority record control number | (OCoLC)fst00900596 |
| 650 #7 - SUBJECT ADDED ENTRY--TOPICAL TERM | |
| Topical term or geographic name as entry element | Early childhood education |
| General subdivision | Curricula. |
| Source of heading or term | fast |
| Authority record control number | (OCoLC)fst00900603 |
| 700 1# - ADDED ENTRY--PERSONAL NAME | |
| Personal name | Browne, Kathryn Williams. |
| 906 ## - LOCAL DATA ELEMENT F, LDF (RLIN) | |
| a | 7 |
| b | cbc |
| c | copycat |
| d | 2 |
| e | ncip |
| f | 20 |
| g | y-gencatlg |
| 942 ## - ADDED ENTRY ELEMENTS (KOHA) | |
| Source of classification or shelving scheme | Library of Congress Classification |
| Koha item type | General Collection |
| Withdrawn status | Lost status | Source of classification or shelving scheme | Not for loan | Home library | Current library | Date acquired | Cost, normal purchase price | Total Checkouts | Total Renewals | Full call number | Barcode | Date last seen | Date last checked out | Price effective from | Koha item type |
|---|---|---|---|---|---|---|---|---|---|---|---|---|---|---|---|
| Library of Congress Classification | Kabarak, Main Campus | Kabarak, Main Campus | 18/07/2024 | 16428.00 | 3 | 1 | LB1139.23 .G67 2016 c.1 | 34150 | 03/10/2024 | 03/10/2024 | 18/07/2024 | General Collection | |||
| Library of Congress Classification | Kabarak, Main Campus | Kabarak, Main Campus | 18/07/2024 | 16428.00 | LB1139.23 .G67 2016 c.2 | 34153 | 18/07/2024 | 18/07/2024 | General Collection |